000 00499nam a22001817a 4500
003 OSt
008 260429b |||||||| |||| 00| 0 eng d
082 _a635.648
_bS33G
100 _aSharma, Ramesh Kumar
245 _aGenetic Variability and Path-Analysis in Bhindi (Abelmoschus esculentus L.) Moench)
260 _aPusa, Samastipur
_bRAU
_c1992
300 _a87P.
502 _bMsc.
_d1992
650 _aVegetable and Floriculture
650 _aHorticulture
650 _aMsc.
942 _2ddc
_cT
999 _c50293
_d50293